[Event "Kampala IM"]
[Site "Kampala"]
[Date "2022.02.20"]
[Round "6"]
[White "Fawzy, Adham"]
[Black "Ssonko, Mathias Allan"]
[Result "1-0"]
[WhiteElo "2476"]
[BlackElo "2187"]
[PlyCount "139"]
[EventDate "2022.02.18"]
[EventType "tourn"]
[EventRounds "9"]
[EventCountry "UGA"]
[SourceTitle "EXT 2023"]
[Source "ChessBase"]
[SourceDate "2022.10.05"]
[SourceVersion "1"]
[SourceVersionDate "2022.10.05"]
[SourceQuality "1"]

1. e4 c6 2. d4 d5 3. exd5 cxd5 4. c4 Nf6 5. Nc3 Nc6 6. Bg5 e6 7. c5 Be7 8. Bb5 0-0 9. Nf3 Ne4 10. Bxe7 Nxe7 11. Rc1 Nf5 12. 0-0 Ng5 13. Ne5 f6 14. Ng4 Nf7 15. Ne3 e5 16. Nxf5 Bxf5 17. c6 b6 18. Ba6 Bc8 19. Bxc8 Rxc8 20. dxe5 Nxe5 21. Qxd5+ Kh8 22. Qe4 Nxc6 23. Rfd1 Qe8 24. Qxe8 Rcxe8 25. Nb5 Re5 26. Nd6 Rc5 27. Rxc5 bxc5 28. Rd5 Rb8 29. Nc4 Nb4 30. Rxc5 Nxa2 31. Ra5 Nb4 32. Rxa7 Kg8 33. Rd7 Rc8 34. Ne3 Rb8 35. h4 Nc6 36. Nf5 g6 37. Nh6+ Kh8 38. Ng4 Ne5 39. Nxe5 fxe5 40. Rd2 Rb4 41. g3 Kg7 42. Kf1 Kf6 43. Ke2 Kf5 44. Kd3 e4+ 45. Kc3 Rb7 46. Re2 Rf7 47. Kd4 Rd7+ 48. Kc5 Rc7+ 49. Kd5 Rb7 50. Kc5 Rc7+ 51. Kb6 Rc4 52. Kb5 Rc8 53. b4 Rc3 54. Re3 Rc2 55. f3 exf3 56. Rxf3+ Kg4 57. Rb3 h5 58. Ka6 Ra2+ 59. Kb7 g5 60. hxg5 Kxg5 61. b5 h4 62. gxh4+ Kxh4 63. Rf3 Kg4 64. Rf7 Kg5 65. b6 Kg6 66. Rf1 Rb2 67. Kc7 Rc2+ 68. Kb8 Rb2 69. b7 Kg7 70. Rc1 1-0

[Event "Kampala IM"]
[Site "Kampala"]
[Date "2022.02.19"]
[Round "3"]
[White "Ssonko, Mathias Allan"]
[Black "Nsubuga, Haruna"]
[Result "0-1"]
[WhiteElo "2187"]
[BlackElo "2154"]
[PlyCount "98"]
[EventDate "2022.02.18"]
[EventType "tourn"]
[EventRounds "9"]
[EventCountry "UGA"]
[SourceTitle "EXT 2023"]
[Source "ChessBase"]
[SourceDate "2022.10.05"]
[SourceVersion "1"]
[SourceVersionDate "2022.10.05"]
[SourceQuality "1"]

1. e4 c6 2. d4 d5 3. exd5 cxd5 4. Bd3 Nc6 5. c3 Nf6 6. Bf4 g6 7. Nf3 Bg7 8. Nbd2 0-0 9. 0-0 Bf5 10. Bxf5 gxf5 11. Nh4 e6 12. g3 Ne7 13. Qb3 b6 14. Ndf3 Ne4 15. Qa3 Ng6 16. Nxg6 hxg6 17. Ne1 g5 18. Bc1 g4 19. f3 gxf3 20. Nxf3 Qd6 21. Qxd6 Nxd6 22. Bf4 Ne4 23. a4 a6 24. Ng5 b5 25. Nxe4 fxe4 26. axb5 axb5 27. Bd6 Rfd8 28. Bc5 f5 29. Kf2 Kf7 30. Kg2 Kg6 31. b4 Bh6 32. Ra5 Bd2 33. Rxb5 Bxc3 34. Rb6 Re8 35. Rf2 Rab8 36. Rxb8 Rxb8 37. Rc2 Bxb4 38. Rb2 Bxc5 39. Rxb8 Bxd4 40. Kf1 Be3 41. Rb1 d4 42. Rb6 Kf6 43. Rb8 d3 44. Rd8 Bc5 45. Rc8 Bd4 46. Rd8 Ke5 47. h4 e3 48. h5 e2+ 49. Ke1 Bc3+ 0-1

[Event "Kampala Rwabushenyi Memorial"]
[Site "Kampala"]
[Date "2021.12.04"]
[Round "6"]
[White "Egesa, Emmanuel"]
[Black "Ssonko, Mathias Allan"]
[Result "0-1"]
[WhiteElo "2145"]
[BlackElo "2167"]
[PlyCount "66"]
[EventDate "2021.12.02"]
[EventType "swiss"]
[EventRounds "8"]
[EventCountry "UGA"]
[SourceTitle "EXT 2023"]
[Source "ChessBase"]
[SourceDate "2022.10.05"]
[SourceVersion "1"]
[SourceVersionDate "2022.10.05"]
[SourceQuality "1"]

1. c4 c5 2. Nc3 Nf6 3. g3 g6 4. Bg2 Bg7 5. e4 Nc6 6. Nge2 0-0 7. 0-0 d6 8. h3 Be6 9. d3 Qc8 10. Kh2 Bd7 11. Be3 e5 12. Qd2 Nd4 13. f4 Ne8 14. Nd5 Qd8 15. f5 f6 16. Bxd4 cxd4 17. b4 Nc7 18. g4 Nxd5 19. exd5 Rf7 20. Be4 g5 21. c5 Rc8 22. Rfc1 Be8 23. Qb2 Rfc7 24. Qa3 Bf8 25. cxd6 Rc2 26. Rxc2 Rxc2 27. Bf3 e4 28. dxe4 Bb5 29. Rc1 Qxd6+ 30. Kg2 Rd2 31. Rc8 Bxe2 32. Rxf8+ Kxf8 33. Qxa7 Ba6+ 0-1

[Event "UGA-chT 2122"]
[Site "Kampala"]
[Date "2021.11.14"]
[Round "4.1"]
[White "Kaamu, Joseph"]
[Black "Ssonko, Mathias Allan"]
[Result "0-1"]
[WhiteElo "1723"]
[BlackElo "2167"]
[PlyCount "122"]
[EventDate "2021.10.24"]
[EventType "team-swiss"]
[EventRounds "14"]
[EventCountry "UGA"]
[SourceTitle "EXT 2023"]
[Source "ChessBase"]
[SourceDate "2022.10.05"]
[SourceVersion "1"]
[SourceVersionDate "2022.10.05"]
[SourceQuality "1"]
[WhiteTeam "Mengo CC"]
[BlackTeam "Bulemeezi Diatoms CC"]
[WhiteTeamCountry "UGA"]
[BlackTeamCountry "UGA"]

1. e4 e5 2. Nf3 Nc6 3. Bb5 a6 4. Ba4 Nf6 5. 0-0 b5 6. Bb3 Bb7 7. c3 Be7 8. d4 Nxe4 9. Re1 d5 10. dxe5 Na5 11. Bc2 0-0 12. Nbd2 Bc5 13. Nd4 Bb6 14. Nxe4 dxe4 15. Bxe4 Bxe4 16. Rxe4 c5 17. Qg4 cxd4 18. Bh6 g6 19. Bxf8 Qxf8 20. cxd4 Rc8 21. Re2 Rc4 22. e6 Bxd4 23. e7 Qe8 24. Qf3 Nc6 25. Rae1 Nxe7 26. Qb7 Bc5 27. b3 Rc3 28. g3 Kf8 29. Qxa6 Qc6 30. Qa5 Rf3 31. Qd2 Ng8 32. b4 Bb6 33. Rc1 Qf6 34. Kg2 Kg7 35. Rc2 Nh6 36. Qd5 Rf5 37. Qd3 Ng4 38. f4 Qa1 39. Qc3+ Qxc3 40. Rxc3 Rd5 41. Kh3 h5 42. Rc6 Bg1 43. Kg2 Bxh2 44. Rc3 Rd1 45. Kf3 Bg1 46. a3 Nh2+ 47. Kg2 Ng4 48. Kf3 Bd4 49. Rb3 f5 50. Re7+ Kf6 51. Re2 g5 52. fxg5+ Kxg5 53. Rg2 Re1 54. Ra2 Ne5+ 55. Kg2 Kg4 56. Rc2 Rg1+ 57. Kh2 Nf3+ 58. Rxf3 Kxf3 59. Rd2 Be3 60. Rd3 Rg2+ 61. Kh1 Rxg3 0-1

[Event "Online Olym Div4 B"]
[Site "Chess.com INT"]
[Date "2021.08.22"]
[Round "8.5"]
[White "Ssonko, Mathias Allan"]
[Black "Al Othman, Abdul Wahab"]
[Result "0-1"]
[WhiteElo "2167"]
[BlackElo "1923"]
[PlyCount "122"]
[EventDate "2021.08.20"]
[EventType "team (rapid)"]
[EventRounds "11"]
[EventCountry "USA"]
[SourceTitle "CBM 203 Extra"]
[Source "ChessBase"]
[SourceDate "2021.09.30"]
[SourceVersion "1"]
[SourceVersionDate "2021.09.30"]
[SourceQuality "1"]
[WhiteTeam "Uganda"]
[BlackTeam "Kuwait"]
[WhiteTeamCountry "UGA"]
[BlackTeamCountry "KUW"]

1. e4 e5 2. Nf3 Nc6 3. d4 exd4 4. Nxd4 Bc5 5. Nb3 Bb6 6. Be2 Nf6 7. Nc3 h6 8. 0-0 0-0 9. a4 a6 10. Bf4 d6 11. Nd5 Ba7 12. Bf3 Ne5 13. Be3 Bxe3 14. Nxe3 Nxf3+ 15. Qxf3 Re8 16. Nd2 Qe7 17. Rfe1 Qe5 18. c3 Be6 19. h3 b5 20. Nc2 Qg5 21. Re3 Nd7 22. Qg3 Qxg3 23. Rxg3 Nb6 24. axb5 axb5 25. Rxa8 Rxa8 26. Na3 c6 27. Rd3 d5 28. exd5 Bxd5 29. f3 Na4 30. Nxb5 Nc5 31. Rd4 Ne6 32. Ne4 Nxd4 33. Nxd4 Ra1+ 34. Kh2 Rb1 35. b4 Rc1 36. Ne2 Rc2 37. Nd4 Bxe4 38. fxe4 Rxc3 39. b5 cxb5 40. Nxb5 Rc4 41. Nd6 Rd4 42. e5 Rd5 43. Nc4 Rd4 44. Nd6 Rd3 45. Nf5 Kf8 46. h4 Rd5 47. g4 Rxe5 48. Kg3 f6 49. Kf4 Re1 50. Ne3 Kf7 51. h5 Ke6 52. Nf5 Kf7 53. Ne3 g5+ 54. hxg6+ Kxg6 55. Nf5 Rf1+ 56. Ke4 Rxf5 57. gxf5+ Kg5 58. Kf3 Kxf5 59. Kg3 Ke4 60. Kg4 f5+ 61. Kg3 Ke3 0-1

[Event "Kampala Zabasajja Memorial"]
[Site "Kampala"]
[Date "2020.02.01"]
[Round "3"]
[White "Owii, Luke Benon"]
[Black "Ssonko, Mathias Allan"]
[Result "0-1"]
[WhiteElo "1837"]
[BlackElo "2159"]
[PlyCount "32"]
[EventDate "2020.01.31"]
[EventType "swiss"]
[EventRounds "7"]
[EventCountry "UGA"]
[SourceTitle "EXT 2021"]
[Source "ChessBase"]
[SourceDate "2020.10.23"]
[SourceVersion "1"]
[SourceVersionDate "2020.10.23"]
[SourceQuality "1"]

1. e4 e5 2. f4 exf4 3. Bc4 Nf6 4. Nc3 Bb4 5. e5 d5 6. exf6 dxc4 7. Qe2+ Be6 8. fxg7 Rg8 9. Nf3 Nc6 10. a3 Ba5 11. Qe4 Rxg7 12. 0-0 Qd7 13. Na4 0-0-0 14. Kh1 Bd5 15. Qxf4 Rg4 16. Qe3 Re8 0-1

[Event "Kampala Kireka op 4th"]
[Site "Kampala"]
[Date "2019.12.30"]
[Round "8"]
[White "Ssonko, Mathias Allan"]
[Black "Gong, Thon Gong"]
[Result "1-0"]
[WhiteElo "2167"]
[BlackElo "2029"]
[PlyCount "78"]
[EventDate "2019.12.27"]
[EventType "swiss"]
[EventRounds "8"]
[EventCountry "UGA"]
[SourceTitle "EXT 2022"]
[Source "ChessBase"]
[SourceDate "2021.10.06"]
[SourceVersion "1"]
[SourceVersionDate "2021.10.06"]
[SourceQuality "1"]

1. e4 d6 2. d4 Nf6 3. Nc3 g6 4. Be3 Bg7 5. f3 c6 6. Qd2 b5 7. g4 h5 8. g5 Nfd7 9. Bd3 Nb6 10. Nd1 a5 11. c3 Qc7 12. Ne2 Nc4 13. Bxc4 bxc4 14. 0-0 Bh3 15. Re1 Nd7 16. Nf4 Be6 17. Qe2 Nb6 18. Bf2 Bd7 19. Qe3 Rb8 20. Ng2 d5 21. Bg3 Qb7 22. Bxb8 Qxb8 23. Qf4 Qb7 24. Nde3 0-0 25. exd5 cxd5 26. Nh4 Re8 27. Neg2 a4 28. Re2 e6 29. Rae1 Ra8 30. a3 Nc8 31. Ne3 Bf8 32. Nd1 Bd6 33. Qd2 Qc7 34. Rg2 Bf4 35. Qc2 Ne7 36. Nf2 Kg7 37. Nh3 Re8 38. Ree2 e5 39. Nf2 exd4 1-0

[Event "Kampala Rwabushenyi Memorial"]
[Site "Kampala"]
[Date "2019.11.28"]
[Round "1"]
[White "Namaganda, Shanita"]
[Black "Ssonko, Mathias Allan"]
[Result "0-1"]
[WhiteElo "1308"]
[BlackElo "2167"]
[PlyCount "42"]
[EventDate "2019.11.28"]
[EventType "swiss"]
[EventRounds "8"]
[EventCountry "UGA"]
[SourceTitle "EXT 2021"]
[Source "ChessBase"]
[SourceDate "2020.10.23"]
[SourceVersion "1"]
[SourceVersionDate "2020.10.23"]
[SourceQuality "1"]

1. e4 e5 2. Nf3 Qe7 3. Bc4 h6 4. d3 g5 5. h3 Bg7 6. Nc3 c6 7. a3 d6 8. Be3 Nd7 9. d4 Ngf6 10. dxe5 dxe5 11. Qd3 b5 12. Bb3 0-0 13. 0-0 Rd8 14. Qe2 Bb7 15. Bxg5 hxg5 16. Nxg5 Rf8 17. Qf3 Nc5 18. Ba2 Bc8 19. b4 Ne6 20. Qg3 Nh5 21. Qg4 Qxg5 0-1

[Event "UGA-chT"]
[Site "Kampala"]
[Date "2018.06.22"]
[Round "6.1"]
[White "Ssonko, Mathias Allan"]
[Black "Wanyama, Harold"]
[Result "0-1"]
[WhiteElo "2154"]
[BlackElo "2315"]
[PlyCount "53"]
[EventDate "2018.05.24"]
[EventType "team-swiss"]
[EventRounds "14"]
[EventCountry "UGA"]
[SourceTitle "CBM 187 Extra"]
[Source "ChessBase"]
[SourceDate "2018.11.04"]
[SourceVersion "1"]
[SourceVersionDate "2018.11.04"]
[SourceQuality "1"]
[WhiteTeam "Aviation CC"]
[BlackTeam "Mulago Kings"]
[WhiteTeamCountry "UGA"]
[BlackTeamCountry "UGA"]

1. e4 c5 2. Nf3 e6 3. d3 Nc6 4. g3 Nf6 5. Bg2 d5 6. e5 Nd7 7. Bf4 Be7 8. h4 0-0 9. c3 f6 10. exf6 Bxf6 11. 0-0 e5 12. Bg5 h6 13. Bc1 Nb6 14. Nh2 Be6 15. Nd2 Qd7 16. Nb3 Be7 17. Qe2 Rad8 18. Be3 d4 19. Bd2 c4 20. Nc1 cxd3 21. Nxd3 Nc4 22. Rad1 Nxd2 23. Rxd2 Bd6 24. cxd4 exd4 25. Qd1 Bc4 26. b3 Ba6 27. Re1 0-1

[Event "UGA olympic qual"]
[Site "Kampala"]
[Date "2018.04.28"]
[Round "6"]
[White "Ssonko, Mathias Allan"]
[Black "Bibasa, Bob Gilbert"]
[Result "0-1"]
[WhiteElo "2147"]
[BlackElo "2129"]
[PlyCount "106"]
[EventDate "2018.04.21"]
[EventType "tourn"]
[EventRounds "13"]
[EventCountry "UGA"]
[SourceTitle "EXT 2019"]
[Source "ChessBase"]
[SourceDate "2018.10.10"]
[SourceVersion "1"]
[SourceVersionDate "2018.10.10"]
[SourceQuality "1"]

1. e4 Nc6 2. d4 d5 3. e5 Bf5 4. Nf3 e6 5. Nc3 a6 6. a3 h6 7. Ne2 g5 8. Ng3 Bg6 9. Bd3 f5 10. exf6 Qxf6 11. Be3 Bd6 12. 0-0 Nge7 13. c4 Bxg3 14. fxg3 Bxd3 15. Qxd3 dxc4 16. Qxc4 Qg6 17. Rae1 0-0-0 18. b4 Nd5 19. Bf2 g4 20. Nh4 Qe8 21. Re4 h5 22. Rfe1 Rh6 23. Nf5 Rg6 24. Ne3 Qd7 25. Nc2 Rf8 26. Ne3 Rgf6 27. Nd1 Nd8 28. R4e2 Nf7 29. Nb2 Nd6 30. Qd3 h4 31. Rc2 Qf7 32. Nd1 h3 33. gxh3 gxh3 34. Qe2 Qg6 35. Rc5 Qf5 36. a4 Kd7 37. b5 axb5 38. axb5 b6 39. Rc2 Qf3 40. Qxf3 Rxf3 41. Rce2 R8f6 42. Re5 R3f5 43. g4 Rg6 44. Bg3 Rxe5 45. Rxe5 Rxg4 46. Nf2 Rxd4 47. Nxh3 Nxb5 48. Ng5 Rd1+ 49. Kf2 Nd4 50. h4 Rd2+ 51. Kf1 Nf5 52. Bf2 Nf4 53. Nxe6 Rxf2+ 0-1

[Event "UGA olympic qual"]
[Site "Kampala"]
[Date "2018.04.22"]
[Round "3"]
[White "Ssonko, Mathias Allan"]
[Black "Kato, Richard"]
[Result "1/2-1/2"]
[WhiteElo "2147"]
[BlackElo "1938"]
[PlyCount "63"]
[EventDate "2018.04.21"]
[EventType "tourn"]
[EventRounds "13"]
[EventCountry "UGA"]
[SourceTitle "EXT 2019"]
[Source "ChessBase"]
[SourceDate "2018.10.10"]
[SourceVersion "1"]
[SourceVersionDate "2018.10.10"]
[SourceQuality "1"]

1. e4 e5 2. Nf3 Nc6 3. d4 d6 4. dxe5 dxe5 5. Qxd8+ Kxd8 6. Nc3 f6 7. Be3 Bb4 8. 0-0-0+ Ke8 9. Nd5 Ba5 10. a3 Nce7 11. b4 Nxd5 12. exd5 Bb6 13. c4 Bxe3+ 14. fxe3 Bf5 15. h3 Nh6 16. Nd2 Nf7 17. e4 Bd7 18. Bd3 a5 19. Kb2 Ke7 20. Ra1 Ra7 21. c5 axb4 22. axb4 Rha8 23. Rxa7 Rxa7 24. g4 b6 25. c6 Be8 26. h4 h6 27. Nf3 Nd6 28. Nd2 Bg6 29. Rg1 Ra8 30. Bc2 Nb5 31. Nf3 Nd6 32. Nd2 1/2-1/2

[Event "Kampala Kawuma op"]
[Site "Kampala"]
[Date "2018.03.10"]
[Round "6"]
[White "Mande, Allan Benjamin"]
[Black "Ssonko, Mathias Allan"]
[Result "0-1"]
[WhiteElo "1939"]
[BlackElo "2119"]
[PlyCount "98"]
[EventDate "2018.03.08"]
[EventType "swiss"]
[EventRounds "8"]
[EventCountry "UGA"]
[SourceTitle "EXT 2019"]
[Source "ChessBase"]
[SourceDate "2018.10.10"]
[SourceVersion "1"]
[SourceVersionDate "2018.10.10"]
[SourceQuality "1"]

1. b3 e5 2. Bb2 Nc6 3. c4 f5 4. a3 Nf6 5. e3 d6 6. Qc2 Qe7 7. d3 Nd8 8. Nd2 c6 9. Ngf3 Nf7 10. Be2 g5 11. g3 Bg7 12. h4 g4 13. Ng1 Bd7 14. f4 exf4 15. exf4 0-0 16. h5 h6 17. Nf1 b5 18. 0-0-0 bxc4 19. dxc4 d5 20. Rh2 Be6 21. Nd2 Rab8 22. Bd3 Ne4 23. Bxe4 Bxb2+ 24. Kxb2 fxe4 25. Re2 Qf6+ 26. Ka2 Bf5 27. Qb2 Qxb2+ 28. Kxb2 Rfd8 29. cxd5 cxd5 30. Rc1 Rdc8 31. Ree1 Rxc1 32. Rxc1 e3 33. Nf1 d4 34. Re1 Re8 35. Ne2 d3 36. Nd4 d2 37. Nxd2 exd2 38. Rd1 Bh7 39. Rxd2 Re3 40. Re2 Rxg3 41. Re7 Rd3 42. Ne6 Bf5 43. Re8+ Kh7 44. Re7 Bxe6 45. Rxe6 g3 46. Rg6 Rf3 47. a4 Rf2+ 48. Kc3 g2 49. f5 Ng5 0-1

[Event "Kampala Kawuma op"]
[Site "Kampala"]
[Date "2018.03.09"]
[Round "4"]
[White "Wanyama, Harold"]
[Black "Ssonko, Mathias Allan"]
[Result "1/2-1/2"]
[WhiteElo "2314"]
[BlackElo "2119"]
[PlyCount "66"]
[EventDate "2018.03.08"]
[EventType "swiss"]
[EventRounds "8"]
[EventCountry "UGA"]
[SourceTitle "EXT 2019"]
[Source "ChessBase"]
[SourceDate "2018.10.10"]
[SourceVersion "1"]
[SourceVersionDate "2018.10.10"]
[SourceQuality "1"]

1. d4 Nf6 2. Nf3 c5 3. d5 b5 4. c4 Bb7 5. Qc2 bxc4 6. e4 g6 7. Bxc4 Bg7 8. 0-0 d6 9. Nc3 0-0 10. h3 Ba6 11. Bxa6 Nxa6 12. Qe2 Qa5 13. e5 dxe5 14. Nxe5 Nb4 15. Rd1 Qc7 16. Bf4 Qb7 17. Qc4 Rad8 18. Qxc5 Nbxd5 19. Nxd5 Rxd5 20. Rxd5 Nxd5 21. Bg3 Qxb2 22. Re1 Qc3 23. Rc1 Qxc5 24. Rxc5 Bxe5 25. Bxe5 Rd8 26. Ra5 Nb4 27. Bc3 Nc6 28. Rc5 Rc8 29. Kf1 Kf8 30. g4 Ke8 31. Bd2 f6 32. Be3 Kd7 33. Rb5 Rc7 1/2-1/2

[Event "Kampala Kawuma op"]
[Site "Kampala"]
[Date "2018.03.08"]
[Round "2"]
[White "Ssonko, Mathias Allan"]
[Black "Tamale, Innocent"]
[Result "1-0"]
[WhiteElo "2119"]
[BlackElo "1759"]
[PlyCount "91"]
[EventDate "2018.03.08"]
[EventType "swiss"]
[EventRounds "8"]
[EventCountry "UGA"]
[SourceTitle "EXT 2019"]
[Source "ChessBase"]
[SourceDate "2018.10.10"]
[SourceVersion "1"]
[SourceVersionDate "2018.10.10"]
[SourceQuality "1"]

1. e4 c5 2. Nc3 Nc6 3. f4 g6 4. Nf3 Bg7 5. Bb5 Nd4 6. Bc4 e6 7. e5 d5 8. Bb5+ Bd7 9. Nxd4 cxd4 10. Bxd7+ Qxd7 11. Ne2 f6 12. Nxd4 fxe5 13. fxe5 Bxe5 14. Qg4 0-0-0 15. Nb3 Nf6 16. Qg5 Qd6 17. d4 Bxh2 18. Qxf6 Rhf8 19. Qg5 Bg3+ 20. Kd1 Rf5 21. Qg4 Rdf8 22. Be3 Bf2 23. Bh6 R8f7 24. Kd2 b6 25. Rad1 Bg3 26. Be3 Bf4 27. Rh3 Qc6 28. Re1 Kd7 29. Re2 R5f6 30. Rf3 h5 31. Qh4 Qd6 32. Bxf4 Rxf4 33. Rxf4 Rxf4 34. Qg5 Rg4 35. Qe5 Qe7 36. c3 h4 37. Nc1 Qg5+ 38. Qxg5 Rxg5 39. Nd3 Rf5 40. Rf2 g5 41. Ke3 Ke7 42. Rxf5 exf5 43. b3 Kf6 44. Kf3 Kg6 45. Nb4 b5 46. Nxd5 1-0

[Event "Kireka op"]
[Site "Kireka"]
[Date "2016.12.16"]
[Round "4"]
[White "Ssonko, Mathias Allan"]
[Black "Ssentongo, Edward"]
[Result "1-0"]
[WhiteElo "2113"]
[BlackElo "2295"]
[PlyCount "71"]
[EventDate "2016.12.15"]
[EventType "swiss"]
[EventRounds "8"]
[EventCountry "UGA"]
[SourceTitle "EXT 2018"]
[Source "ChessBase"]
[SourceDate "2017.10.13"]
[SourceVersion "1"]
[SourceVersionDate "2017.10.13"]
[SourceQuality "1"]

1. e4 c5 2. Nc3 d6 3. f4 e6 4. Nf3 Nc6 5. Bb5 a6 6. Bxc6+ bxc6 7. 0-0 Nf6 8. d3 Be7 9. e5 Nd5 10. Ne4 f5 11. exd6 Bxd6 12. Nxd6+ Qxd6 13. Ne5 0-0 14. c4 Nf6 15. Qf3 Bd7 16. h3 Rab8 17. Rb1 Be8 18. Be3 Nd7 19. Qxc6 Qxc6 20. Nxc6 Rb6 21. Ne5 Nxe5 22. fxe5 Rc6 23. a3 Rf7 24. b4 cxb4 25. axb4 Rd7 26. Rb3 Rb7 27. Kf2 Kf7 28. Ra1 Bd7 29. Ra5 Bc8 30. Bc5 Rd7 31. d4 Bb7 32. Rd3 Rc8 33. g3 g5 34. Ra1 h5 35. Re1 a5 36. Rb3 1-0